Central Library OPAC University of Rajshahi

Fish and Fishery of Botia Dario Fishes of the River Padma ; (Record no. 79901)

MARC details
000 -LEADER
fixed length control field 00886nam a2200241 a 4500
001 - CONTROL NUMBER
RUCL Control Number 79901
003 - CONTROL NUMBER IDENTIFIER
rucl marc code BD-RjUL
005 - DATE AND TIME OF LATEST TRANSACTION
control field 20220602152811.0
008 - FIXED-LENGTH DATA ELEMENTS--GENERAL INFORMATION
fixed length control field 220602s1998 bg a|||| m||| 00| 0 eng d
035 ## - SYSTEM CONTROL NUMBER
system control number (BD-RjUL)79901
040 ## - CATALOGING SOURCE
Original cataloging agency BD-RjUL
Language of cataloging eng
Transcribing agency BD-RjUL
Modifying agency BD-RjUL
041 ## - LANGUAGE CODE
Language code of Book eng
082 ## - DEWEY DECIMAL CLASSIFICATION NUMBER
DDC Edition number 23
Classification number 597.5
Author mark and Year KHF 1998
100 ## - MAIN ENTRY--PERSONAL NAME
Personal name KHATUN, MST. REHENA
9 (RLIN) 3384
245 10 - TITLE STATEMENT
Title Fish and Fishery of Botia Dario Fishes of the River Padma ;
Statement of responsibility, etc MST. REHENA KHATUN
Name of Supervisor/Co-Supervisor Supervisor: M. Altaf Hoassian (2)
260 ## - PUBLICATION, DISTRIBUTION, ETC. (IMPRINT)
Place of publication, distribution, etc Rajshahi :
Name of publisher, distributor, etc Department of Zoology, University of Rajshahi,
Date of publication, distribution, etc 1998
300 ## - PHYSICAL DESCRIPTION
Pagination [10], 166 leaves :
Other physical details ill. ;
Dimensions 29 cm.
502 ## - DISSERTATION NOTE
Dissertation note Thesis (M.Phil.)-- Department of Zoology, Rajshahi University, 1998
504 ## - BIBLIOGRAPHY, ETC. NOTE
Bibliography, etc References : leaves 136-154
650 ## - SUBJECT ADDED ENTRY--TOPICAL TERM
Topical term or geographic name as entry element Fishes
General subdivision Fishery Resources
Geographic subdivision Padma River
9 (RLIN) 3385
700 ## - ADDED ENTRY--SUPERVISOR/CO-SUPERVISOR NAME
Personal name Hoassian, M. Altaf (2), Supervisor
9 (RLIN) 3386
942 ## - ADDED ENTRY ELEMENTS (KOHA)
Source of classification or shelving scheme Dewey Decimal Classification
Koha item type Theses
Holdings
Source of classification or shelving scheme Damaged status Not for loan Collection code Permanent Location Current Location Shelving location Date of accession Source of acquisition Total Checkouts Full call number Barcode Date last seen Copy number Thesis
Dewey Decimal Classification   Not For Loan Theses Central Library, University of Rajshahi Central Library, University of Rajshahi Documentation Section 12/12/1999 Controller of Exam. R.U.   THE 597.5 KHF 1998 D1947 02/06/2022 C-1 Theses